| 000 | 00568nam a2200205 a 4500 | ||
|---|---|---|---|
| 001 | 5415 | ||
| 003 | CO-ViMGA | ||
| 008 | 141112s2004 ck r 000 u spa d | ||
| 040 |
_aCO-ViMGA _bspa _cCO-ViMGA |
||
| 082 | 0 | 4 | _aCo861.2 P651f |
| 100 | 1 |
_aPombo, Rafael _95188 |
|
| 245 | 1 | 0 | _aFábulas y verdades |
| 260 |
_aBogotá : _bPanAméricana, _c1997 |
||
| 300 | _a279 p | ||
| 590 | _aEjemplares : 2 Eje 2 : editorial Educar Cultural Recreativa | ||
| 650 | 1 | 4 |
_aFABULAS _91053 |
| 650 | 1 | 4 |
_aPOESIA COLOMBIANA _91069 |
| 650 | 1 | 4 |
_aPOESIA INFANTIL _91029 |
| 942 |
_2ddc _cBK |
||
| 999 |
_c17404 _d17404 |
||